Voyage à travers les départements français - Statistiques

Statistiques générales
  • Ce quiz a été pris 101 fois
  • Le résultat moyen est 7 sur 10
Statistiques - réponses
Indice Départements % Correct
Département de Disneyland Paris Seine-et-Marne
85%
Son chef-lieu est Amiens Somme
85%
Départements le plus peuplé Nord
83%
Département lieu de l’assassinat de Dominique Bernard, le 13 octobre 2023 Pas-de-Calais
72%
Lieu du parc Astérix Oise
71%
Contient le lac de Gérardmer Vosges
67%
Nom du stade où joue l’ESTAC Aube
56%
La préfecture est le nom d’une chanson de Jacques Brel Haute-Saône
55%
Nom d’une marque de chocolat Côte-d’Or
49%
Lieu de naissance de Claudio Capeo Haut-Rhin
35%
Aucun quiz correspondant
Distribution des résultats
% des personnes avec chaque résultat
Percentile par nombre de réponses
Votre historique - résultats
Vous n’avez pas pris ce quiz